<?xml version="1.0" encoding="UTF-8"?>
<collection xmlns="http://www.loc.gov/MARC21/slim">
 <record>
  <leader>     na                 </leader>
  <controlfield tag="001">INLIS000000000003980</controlfield>
  <controlfield tag="005">20221108013446</controlfield>
  <datafield tag="035" ind1=" " ind2=" ">
   <subfield code="a">0010-0520003980</subfield>
  </datafield>
  <controlfield tag="008">221108                |          | ind  </controlfield>
  <datafield tag="020" ind1=" " ind2=" ">
   <subfield code="a">979-421-257-1</subfield>
  </datafield>
  <datafield tag="041" ind1=" " ind2=" ">
   <subfield code="a">ind</subfield>
  </datafield>
  <datafield tag="082" ind1=" " ind2=" ">
   <subfield code="a">340</subfield>
  </datafield>
  <datafield tag="084" ind1=" " ind2=" ">
   <subfield code="a">340 ABD p</subfield>
  </datafield>
  <datafield tag="100" ind1="0" ind2=" ">
   <subfield code="a">Abdoel Djamali</subfield>
  </datafield>
  <datafield tag="245" ind1="1" ind2=" ">
   <subfield code="a">Pengantar Hukum Indonesia /</subfield>
   <subfield code="c">R. Abdoel Djamali</subfield>
  </datafield>
  <datafield tag="250" ind1=" " ind2=" ">
   <subfield code="a">Cet. 10</subfield>
  </datafield>
  <datafield tag="260" ind1=" " ind2=" ">
   <subfield code="a">Jakarta :</subfield>
   <subfield code="b">PT. Raja Grafindo Persada,</subfield>
   <subfield code="c">2005</subfield>
  </datafield>
  <datafield tag="300" ind1=" " ind2=" ">
   <subfield code="a">XVIII, 242 hlm. ; 21 cm ;</subfield>
   <subfield code="c">21 cm</subfield>
  </datafield>
  <datafield tag="504" ind1=" " ind2=" ">
   <subfield code="a">I. Judul II. Mulyadi, Kartini</subfield>
  </datafield>
  <datafield tag="520" ind1=" " ind2=" ">
   <subfield code="a">Buku Hukum Indonesia ini bertujuan untuk memberikan pengantar kepada setiap orang yang baru mulai mempelajari hukum Indonesia. Materi pengantar yang diberikan dalam buku ini tidak hanya mengenai tata hukumnya, namun juga aspek sejarahnya. Hal ini berkaitan dengan banyaknya literatur pelajaran hukum sebagai pengantar yang hanya menyajikan aspek tata hukumnya saja, sedangkan aspek sejarahnya diuraikan tersendiri sehingga menimbulkan kesulitan bagi mereka yang baru mulai mempelajari hukum Indonesia untuk merangkai paduan dalam berpikir sistimatis. Selain itu, sejarah hukum Indonesia memiliki fungsi penting yaitu sebagai pegangan dalam studi hukum lebih lanjut sehingga dalam pembentukan hukum nasional yang menyeluruh dapat memenuhi kebutuhan masyarakat. Apalagi setelah bangsa ini mengalami peralihan masa dari Orde Baru ke Orde Reformasi, telah banyak lahir bermacam aturan hukum karena adanya perkembangan dan pengembangan dalam kehidupan bermasyarakat. Salah satu perubahan mendasar yang terjadi adalah perubahan Undang-Undang Dasar 1945 oleh Majelis Permusyawaratan Rakyat. Hasil perubahan itu mengakibatkan terjadinya proses mekanisme kerja yang berkesinambungan aparat legislatif, eksekutif, dan yudikatif dengan pengawasan yang ketat dari wakil rakyat. Hal ini merupakan pelaksanaan reformasi bangsa Indonesia dalam bernegara. Perubahan-perubahan seperti itu sudah selayaknya dicatat dalam sejarah bangsa sehingga dapat mempermudah mereka yang baru mempelajari hukum Indonesia dalam membentuk kerangka berpikir yang berkesinambungan dan sistimatis. Berdasarkan hal tersebut pembahasan dalam buku ini diawali dengan materi sejarah berlakunya hukum sejak zaman penjajahan Belanda dilanjutkan dengan tata hukumnya disertai dengan tanbahan dan penyesuaian atas aturan hukumnya disertai dengan tambahan dan penyesuaian atas aturan hukum positif yang baru</subfield>
  </datafield>
  <datafield tag="650" ind1=" " ind2="4">
   <subfield code="a">Hukum Indonesia</subfield>
  </datafield>
  <datafield tag="990" ind1=" " ind2=" ">
   <subfield code="a">03149/MKRI-P/III-2006</subfield>
  </datafield>
  <datafield tag="990" ind1=" " ind2=" ">
   <subfield code="a">03150/MKRI-P/III-2006</subfield>
  </datafield>
  <datafield tag="990" ind1=" " ind2=" ">
   <subfield code="a">03149/MKRI-P/III-2006</subfield>
  </datafield>
  <datafield tag="990" ind1=" " ind2=" ">
   <subfield code="a">03150/MKRI-P/III-2006</subfield>
  </datafield>
 </record>
</collection>
